Harvard business review on human relations, v4- classic advice on leadership (Record no. 57953)

MARC details
000 -LEADER
fixed length control field 00398nam a2200145Ia 4500
008 - FIXED-LENGTH DATA ELEMENTS--GENERAL INFORMATION
fixed length control field 230917s9999||||xx |||||||||||||| ||und||
040 ## - CATALOGING SOURCE
-- 73731
Original cataloging agency VIVEKANANDA LIBRARY
041 ## - Language
-- English
082 ## - DDC NUMBER
Classification number 658.4 H264H
100 ## - MAIN ENTRY--PERSONAL NAME
Personal name Harvard
245 #0 - TITLE STATEMENT
Title Harvard business review on human relations, v4- classic advice on leadership
260 ## - PUBLICATION, DISTRIBUTION, ETC. (IMPRINT)
Place of publication, distribution, etc New York
Name of publisher, distributor, etc Harper & Row
Date of publication, distribution, etc 1986
300 ## - PHYSICAL DESCRIPTION
Pages viii, 223 p.
942 ## - ADDED ENTRY ELEMENTS (KOHA)
Koha item type Books
Holdings
Withdrawn status Lost status Damaged status Not for loan Location (home branch) Sublocation or collection (holding branch) Shelving location Date acquired Koha issues (times borrowed) Koha full call number Accession No. Koha date last seen Koha item type
        VIVEKANANDA LIBRARY VIVEKANANDA LIBRARY IMSAR Library 11/02/2003   658.4 H264H 128313 17/09/2023 Books
© Designed and Maintained by Vivekananda Library, MDU Rohtak